Supply chain in the pharmaceutical industry strategic influences and supply chain responses
Na minha lista:
| Autor principal: | |
|---|---|
| Formato: | Livro |
| Idioma: | inglês |
| Publicado em: |
Farnham
Gower
2010
|
| Assuntos: | |
| Tags: |
Sem tags, seja o primeiro a adicionar uma tag!
|
MARC
| LEADER | 00000nam a2200000 4500 | ||
|---|---|---|---|
| 001 | 0137247 | ||
| 005 | 20240312120029.7 | ||
| 020 | |a 978-0-566-08695-3 | ||
| 041 | 0 | |a eng | |
| 044 | |a GB | ||
| 245 | 1 | 0 | |a Supply chain in the pharmaceutical industry |b strategic influences and supply chain responses |c Rob Whewell |
| 264 | 1 | |a Farnham |b Gower |c 2010 | |
| 300 | |a 259 s. | ||
| 610 | 2 | 0 | |a priemysel farmaceutický |
| 610 | 2 | 0 | |a zdravie |
| 610 | 2 | 0 | |a investície |
| 610 | 2 | 0 | |a ponuka |
| 610 | 2 | 0 | |a reťazce dodávateľsko-odberateľské |
| 610 | 2 | 0 | |a riadenie reťazcov dodávateľských |
| 610 | 2 | 0 | |a stratégia podnikateľská |
| 610 | 2 | 0 | |a stratégia obchodná |
| 610 | 2 | 0 | |a ochrana zdravia |
| 610 | 2 | 0 | |a liečivá |
| 610 | 2 | 0 | |a farmakológia |
| 610 | 2 | 0 | |a služby |
| 610 | 2 | 0 | |a zákazníci |
| 610 | 2 | 0 | |a logistika podniková |
| 100 | 1 | |a Whewell, Rob | |